00493nam a22001457a 450000500170000001000120001702000270002903700250005608200130008110000160009424500660011026000420017627001080021830000210032620260301150411.0 aBACEN26 a9789359775876c1295.00 bThe Readers Paradise a338.4791 aVyas, Nitin aEthical, Legal and Regulatory Aspects of Tourism/cNitin Vyas aNew DelhibThe Readers Paradisec2025 a103, 4787/23 Ansari Road, Darya GanjbNew Delhie110002k01123246222mthereadersparadisesales@gmail.com a181 p.c26cm(pb)